Inspiring True Stories of Everyday Heroes From the Frontlines of #COVID-19 / (Record no. 184661)

MARC details
000 -LEADER
fixed length control field 00790nam a22002171i 4500
005 - DATE AND TIME OF LATEST TRANSACTION
control field 20210815082631.0
008 - FIXED-LENGTH DATA ELEMENTS--GENERAL INFORMATION
fixed length control field 210815s2021 ilu |||g ||| 000 0 eng d
020 ## - INTERNATIONAL STANDARD BOOK NUMBER
International Standard Book Number 9781735974880
Terms of availability RM 71.90
040 ## - CATALOGING SOURCE
Original cataloging agency PPAK
Language of cataloging eng
Transcribing agency PPAK
Description conventions rda
082 04 - DEWEY DECIMAL CLASSIFICATION NUMBER
Edition number 23
Classification number 362.1962414
090 00 - LOCALLY ASSIGNED LC-TYPE CALL NUMBER (OCLC); LOCAL CALL NUMBER (RLIN)
Classification number (OCLC) (R) ; Classification number, CALL (RLIN) (NR) 362.1962414
Feature heading UNA
Feature heading G
110 2# - MAIN ENTRY--CORPORATE NAME
Corporate name or jurisdiction name as entry element Unapologetic Voice House.
Relator term issuing body.
245 00 - TITLE STATEMENT
Title Inspiring True Stories of Everyday Heroes From the Frontlines of #COVID-19 /
Statement of responsibility, etc. UNAPOLOGETIC VOICE HOUSE.
264 #1 - PRODUCTION, PUBLICATION, DISTRIBUTION, MANUFACTURE, AND COPYRIGHT NOTICE
Place of production, publication, distribution, manufacture Chicago :
Name of producer, publisher, distributor, manufacturer The Unapologetic Voice House LLC,
Date of production, publication, distribution, manufacture, or copyright notice 2021
336 ## - CONTENT TYPE
Source rdacontent
Content type term text
337 ## - MEDIA TYPE
Source rdamedia
Media type term unmediated
338 ## - CARRIER TYPE
Source rdacarrier
Carrier type term volume
650 10 - SUBJECT ADDED ENTRY--TOPICAL TERM
Topical term or geographic name entry element COVID-19 (Disease)
General subdivision Social aspects
Geographic subdivision United States.
Topical term or geographic name entry element COVID-19 (Disease)
Geographic subdivision United States
Form subdivision Anecdotes.
942 ## - ADDED ENTRY ELEMENTS (KOHA)
Source of classification or shelving scheme Dewey Decimal Classification
Koha item type Book
Holdings
Withdrawn Not for loan Current library Shelving location Date acquired Full call number Barcode Date last seen Koha item type
    Perpustakaan Alor Setar Pinjaman Dewasa 29/08/2021 362.1962414 UNA A01700299 29/08/2021 Book
    Perpustakaan Awam Sungai Petani Pinjaman Dewasa 29/08/2021 362.1962414 UNA A01700300 29/08/2021 Book
    Perpustakaan Kulim Pinjaman Dewasa 29/08/2021 362.1962414 UNA A01700301 29/08/2021 Book